Statistics for Belgian cities

Click here to take the quiz!

General Stats

  • This quiz has been taken 64 times
  • The average score is 39 of 134

Answer Stats

InwonersProvincieAnswer% Correct
248.813East FlandersGhent
94%
168.576noneBrussels
92%
195.931LiègeLuik
90%
507.911AntwerpAntwerp
88%
110.500NamurNamur
82%
117.577West FlandersBruges
80%
69.969West FlandersOstend
78%
75.579LimburgHasselt
76%
97.692Flemish BrabantLeuven
76%
93.941HainautMons
74%
28.520LuxembourgAarlen
68%
82.602AntwerpMechelen
68%
203.753HainautCharleroi
66%
82.587East FlandersAalst
64%
65.224LimburgGenk
64%
3.330West FlandersLo-Reninge
62%
33.365Walloon BrabantWavre
60%
75.120West FlandersKortrijk
58%
69.667HainautTournai
50%
34.978West FlandersYpres
50%
79.486HainautLa Louvière
48%
59.340West FlandersRoeselare
48%
73.280East FlandersSint-Niklaas
48%
18.892LiègeEupen
46%
34.497AntwerpLier
46%
42.008AntwerpTurnhout
46%
36.960West FlandersWaregem
46%
23.271Flemish BrabantDiest
44%
13.668NamurDinant
42%
56.407HainautMouscron
42%
39.769LimburgSint-Truiden
42%
28.969Flemish BrabantAarschot
40%
37.104Flemish BrabantHalle
40%
31.353Walloon BrabantOttignies-Louvain-la-Neuve
40%
30.631LimburgTongeren
40%
44.493East FlandersDendermonde
38%
41.432Flemish BrabantVilvoorde
38%
40.104East FlandersLokeren
36%
33.636LimburgLommel
36%
33.233Flemish BrabantTienen
36%
15.230LuxembourgBastenaken
34%
19.682West FlandersBlankenberge
34%
37.446East FlandersNinove
34%
30.412East FlandersOudenaarde
34%
55.733LiègeVerviers
34%
32.852East FlandersGeraardsbergen
32%
63.732LiègeSeraing
32%
43.975LimburgBeringen
30%
5.399LuxembourgBouillon
30%
29.815East FlandersDeinze
30%
11.238LuxembourgDurbuy
30%
38.101AntwerpGeel
30%
11.487West FlandersNieuwpoort
30%
28.463HainautAat
28%
20.329East FlandersEeklo
28%
27.438AntwerpHerentals
28%
21.346LiègeHuy
28%
27.110Walloon BrabantNivelles
28%
11.540LuxembourgVirton
28%
21.408HainautBraine-le-Comte
26%
12.316LiègeMalmedy
26%
9.479LiègeSankt-Vith
26%
10.487LiègeSpa
26%
31.435LimburgBilzen
24%
16.520West FlandersDiksmuide
24%
15.719Flemish BrabantLanden
24%
4.191LuxemburgLa Roche-en-Ardenne
24%
16.230LimburgPeer
24%
20.284West FlandersTorhout
24%
33.091HainautBinche
22%
24.891LimburgMaaseik
22%
32.707West FlandersMenen
22%
19.974West FlandersTielt
22%
15.434LimburgBree
20%
25.202AntwerpMortsel
20%
11.363West FlandersVeurne
20%
17.453LiègeVisé
20%
25.580East FlandersZottegem
20%
19.916West FlandersPoperinge
18%
9.836HainautChimay
16%
10.855West FlandersDamme
16%
12.330LimburgHerk-de-Stad
16%
38.997LiègeHerstal
16%
13.614Walloon BrabantJodoigne
16%
5.819LiègeLimbourg
16%
17.440LuxembourgMarche-en-Famenne
16%
980West FlandersMesen
16%
7.342LuxembourgNeufchâteau
16%
25.565East FlandersRonse
16%
14.795LiègeWaremme
16%
15.852NamurCiney
14%
14.271LimburgHamont-Achel
14%
27.103West FlandersHarelbeke
14%
27.354West FlandersIzegem
14%
8.278Flemish BrabantZoutleeuw
14%
25.795NamurAndenne
12%
10.562LimburgBorgloon
12%
36.319HainautChâtelet
12%
18.005HainautComines-Warneton
12%
20.549AntwerpHoogstraten
12%
5.090LuxembourgHouffalize
12%
18.471HainautLessen
12%
13.610HainautLeuze-en-Hainaut
12%
9.094West FlandersOudenburg
12%
9.074NamurPhilippeville
12%
23.039HainautSaint-Ghislain
12%
26.667HainautSoignies
12%
18.398West FlandersWervik
12%
7.053HainautBeaumont
10%
19.929LimburgDilsen-Stokken
10%
13.286HainautEnghien
10%
11.871West FlandersGistel
10%
15.583LiègeHannut
10%
17.224LiègeHerve
10%
12.431NamurRochefort
10%
5.650LuxembourgSaint-Hubert
10%
6.798HainautChièvres
8%
5.178LuxembourgChiny
8%
13.952NamurCouvin
8%
22.666HainautFleurus
8%
24.451NamurGembloux
8%
9.422LimburgHalen
8%
17.216HainautPéruwelz
8%
7.051LiègeStavelot
8%
14.662HainautThuin
8%
7.693HainautAntoing
6%
8.867NamurBeauraing
6%
5.527LuxembourgFlorenville
6%
10.208NamurFosses-la-Ville
6%
15.160Walloon BrabantGenappe
6%
8.249HainautLe Rœulx
6%
22.620Flemish BrabantScherpenheuvel-Zichem
6%
17.395HainautFontaine-l'Evêque
4%
18.215NamurWalcourt
4%

Score Distribution

Percentile by Number Answered

Percent of People with Each Score

Your Score History

You have not taken this quiz